Copa Mundial de la FIFA 1978 - Estadísticas

Estadísticas generales
  • Esta prueba ha sido intentada 138 veces
  • La puntuación promedio es 12 de 16
Estadísticas de respuestas
GRUPO % Correcto
Argentina
100%
Brasil
97%
Alemania Federal
94%
Italia
93%
España
91%
Francia
90%
Países Bajos
89%
Polonia
81%
Hungría
73%
Mexico
71%
Peru
69%
Suecia
66%
Escocia
65%
Austria
56%
Irán
53%
Túnez
46%
No se encontraron pruebas coincidentes
Distribución de puntuación
Porcentaje de gente con cada puntuación
Porcentaje por número respondido
Historial de tus puntuaciones
No has intentado esta prueba.